Reliez l'animateur à son émission TV #2 - Statistiques

Statistiques générales
  • Ce quiz a été pris 1 729 fois
    1 726 depuis la dernière actualisation
  • Le résultat moyen est 11 sur 14
Statistiques - réponses
Hint Réponse % Correct
Jean-Luc Reichmann Les 12 coups de midi
97%
Nikos Aliagas The Voice
95%
Valérie Damidot D&CO
94%
Arthur Vendredi tout est permis
94%
Stéphane Bern Secrets d'histoire
89%
Olivier Minne Fort Boyard
88%
Michel Drucker Vivement dimanche
82%
Laurence Boccolini Le Maillon faible
79%
Joan Faggianelli In ze boîte
72%
Camille Combal Une famille en or
70%
Guy Lux Intervilles
66%
Cyril Féraud La Carte aux trésors
63%
Jarry Tout le monde veut prendre sa place
63%
Stéphane Rotenberg Top Chef
62%
Aucun quiz correspondant
Distribution des résultats
% des personnes avec chaque résultat
Percentile par nombre de réponses
Votre historique - résultats
Vous n’avez pas pris ce quiz depuis la dernière actualisation